Python Programming for Absolute Beginners / (Record no. 3109)

000 -LEADER
fixed length control field 00771nam a2200277 a 4500
006 - FIXED-LENGTH DATA ELEMENTS--ADDITIONAL MATERIAL CHARACTERISTICS--GENERAL INFORMATION
fixed length control field a||||gr|||| 001 0
007 - PHYSICAL DESCRIPTION FIXED FIELD--GENERAL INFORMATION
fixed length control field ta
008 - FIXED-LENGTH DATA ELEMENTS--GENERAL INFORMATION
fixed length control field 230321s2010||||ii a ||gr|||||||1 ||eng|d
020 ## - INTERNATIONAL STANDARD BOOK NUMBER
International Standard Book Number 9789386668004
Terms of availability Rs. 650.00
040 ## - CATALOGING SOURCE
Original cataloging agency IMU Kochi Library
Language of cataloging eng
041 0# - LANGUAGE CODE
Language code of text/sound track or separate title eng
044 ## - COUNTRY OF PUBLISHING/PRODUCING ENTITY CODE
MARC country code India
082 04 - DEWEY DECIMAL CLASSIFICATION NUMBER
Edition number 23
Classification number 005.133
Item number D325
100 1# - MAIN ENTRY--PERSONAL NAME
Personal name Dawson, Michael
245 10 - TITLE STATEMENT
Title Python Programming for Absolute Beginners /
250 ## - EDITION STATEMENT
Edition statement 3rd ed.
260 ## - PUBLICATION, DISTRIBUTION, ETC. (IMPRINT)
Place of publication, distribution, etc Delhi :
Name of publisher, distributor, etc Cengage Learning India Pvt. Ltd.,
Date of publication, distribution, etc 2010
300 ## - PHYSICAL DESCRIPTION
Extent xxii, 455 p. :
Other physical details ill. ;
Dimensions 24 cm.
650 #0 - SUBJECT ADDED ENTRY--TOPICAL TERM
Topical term or geographic name as entry element Computer programming
650 #0 - SUBJECT ADDED ENTRY--TOPICAL TERM
Topical term or geographic name as entry element Programming languages (Electronic computers)
650 #0 - SUBJECT ADDED ENTRY--TOPICAL TERM
Topical term or geographic name as entry element Python (Computer program language)
852 ## - LOCATION/CALL NUMBER
Location IMU Kochi Library
904 ## - LOCAL DATA ELEMENT D, LDD (RLIN)
CATALOGER Rudra Ranjan
905 ## - LOCAL DATA ELEMENT E, LDE (RLIN)
VERIFIER Rudra Ranjan
942 ## - ADDED ENTRY ELEMENTS (KOHA)
Item type Books
Holdings
Withdrawn status Lost status Source of classification or shelving scheme Damaged status Not for loan Collection code Permanent location Current location Shelving location Date acquired Source of acquisition Cost, normal purchase price Total Checkouts Full call number Barcode Date last seen Date last borrowed Koha item type Public note
          Computer Science IMU Kochi Library IMU Kochi Library General Stacks 2025-01-29 M/s Technical Bureau India Pvt Ltd. (Inv. No. TB3603 Dt. 21-01-2025) 650.00 1 005.133 D325 BK006806 2025-02-25 2025-02-13 Books Gen. Shelf-1, Row-5
          Computer Science IMU Kochi Library IMU Kochi Library General Stacks 2025-01-29 M/s Technical Bureau India Pvt Ltd. (Inv. No. TB3603 Dt. 21-01-2025) 650.00   005.133 D325 BK006807 2025-01-30   Books Gen. Shelf-1, Row-5
          Computer Science IMU Kochi Library IMU Kochi Library General Stacks 2025-01-29 M/s Technical Bureau India Pvt Ltd. (Inv. No. TB3603 Dt. 21-01-2025) 650.00   005.133 D325 BK006808 2025-01-30   Books Gen. Shelf-1, Row-5


Copyright © All Rights Reserved by Indian Maritime University, Kochi Campus.
For any Suggestions/Query Contact to library or Email: library.kochi@imu.ac.in Ph:(0484)-2989402
(Web OPAC Designed by Rudra Ranjan. Maintained by IMU Kochi Library)

Powered by Koha